| 000 | 01132nam a2200253Ia 4500 | ||
|---|---|---|---|
| 003 | Ost | ||
| 005 | 20260507075257.0 | ||
| 008 | 260507s9999||||xx |||||||||||||| ||und|| | ||
| 020 | _a9114189957 | ||
| 040 | _cfsecg | ||
| 041 | _aara | ||
| 082 | _a330 | ||
| 100 |
_aالصميدعي، محمود جاسم _eمؤلف |
||
| 245 | 0 |
_aمدخل في الاقتصاد الإداري / _c محمود جاسم الصميدعي |
|
| 260 |
_aعمان: _bدار المناهج, _c2006 |
||
| 300 |
_a305 صفحة؛ _bإيضاحات ؛ _c25 سم |
||
| 504 | _aالمراجع ص.299 | ||
| 520 | _a-النظريات الاقتصادية لدراسة وتفسير سلوك المستهلك،المفهوم والابعاد الاقتصادية،الربح، التنبؤ بالطلب،المنافسة،الانتاجية،التكاليف،الاعلان،الموازنات التقديرية،الرقابة على الجودة. | ||
| 653 | _aالإدارة | ||
| 653 | _aالاقتصاد الإداري | ||
| 653 | _aأوراق الأعمال | ||
| 700 |
_aردينة ،عثمان يوسف _eمؤلف ثانوي |
||
| 942 | _cكتاب | ||
| 999 |
_c43760 _d43760 |
||